000
00317nam a2200145Ia 4500
008
090123s9999 xx 000 0 und d
082
_b
17530
245
_a
SWAMI VIEKANAND
250
_a
1
260
_b
ADVAITA ASHRAMA
300
_a
535
630
_a
SWAMI VIEKANAND
730
_a
SWAMI VIEKANAND
942
_c
BOOK
999
_c
55589
_d
55589